| 000 | 00000nas 2200000za 4500 |
| 001 | 9.500607 |
| 003 | CaOODSP |
| 005 | 20251031142446 |
| 007 | cr ||||||||||| |
| 008 | 150406c19859999onc x m o f0 |0mul|d |
| 040 | |aCaOODSP|beng |
| 041 | |aeng|afre|aiku |
| 043 | |an-cn--- |
| 086 | 1 |aM183-2-PDF |
| 130 | 0 |aOpen file (Geological Survey of Canada) |
| 245 | 10|aOpen file |h[electronic resource] = |bDossier public. |
| 246 | 1 |aGSC open file |
| 246 | 11|aDossier public |
| 260 | |aOttawa : |bGeological Survey of Canada, |c[1985?]- |
| 310 | |aIrregular |
| 500 | |aFor maps, please see M183-2E-PDF (http://www.publications.gc.ca/pub?id=9.832719&sl=0). |
| 500 | |aPublications in this series have not been edited; they are released as submitted by the author. |
| 515 | |aNumbering shared for print publications, CD-ROMs and maps. |
| 546 | |aText in English, French and Inuktitut. |
| 692 | 07|2gccst|aGeology |
| 710 | 2 |aGeological Survey of Canada. |
| 775 | 08|tOpen file |w(CaOODSP)9.506878 |
| 792 | |tOpen file |efre|w(CaOODSP)9.500608 |